000 00650nam a22002297a 4500
003 UA-OsUOA
001 88079
007 ta
008 20121001b un ||||| |||| 00| 0 ukr d
100 _aХемінгуей Ернест
090 _a821.161.2
_bХ37
942 _cBK
040 _aUA-OsUOA
_bukr
_cUA-OsUOA
_dUA-OsUOA
245 _aЗа рікою, в затінку дерев
_bРоман
300 _a248 с.
955 _a3
041 _aukr
080 _a821.161.2
260 _aК.
_bРадянський письменник
_c1968
650 7 _a82 Література. Літературознавство
_2UDC
999 _c374272
_d374272